000 00750nam a2200241Ia 4500
003 OSt
005 20221005042549.0
006 a|||||r|||| 00| 0
007 ta
008 221004b |||||||| |||| 00| 0 eng d
024 _a33906
037 _cTextual
040 _aCRL
_cCRL
_beng
041 _2eng
_aeng
082 _a2:5, K6
100 _aWynar Bohdan S
_94567
245 0 _aIntroduction to cataloging and classification
_b A teaching guide with illustrations of major principles for descriptive cataloging and classification
260 _aDenver
_bColorado Bibliographic Institute
_c1966
300 _a226p.
_ccm.
650 _aLIBRARY SCIENCE
942 _h2:5, K6
_cTEXL
_2cc
999 _c950425
_d950425